00553nam a22001817a 4500008003900000020001800039050002300057100002500080245003900105260003600144300003700180336001000217337001400227338001200241505006300253650003600316650001900352140930s2005 cc a 00 000ng eng a9780500512432 4aZ246 bW65918 2005 aWoolman, Matteautor1 aType in Motion 2c / Matt Woolman aChinab : Thames Hudsonc, 2005 a176 páginas b : ilustraciones atexto asin medio avolumen aIdentifying Informing Storytelling Travelling Speculating 10aDISEÑO GRÁFICO (TIPOGRAFIA)20aARTE COMERCIAL